000 00583nam a2200193Ia 4500
999 _c5391
_d5391
003 OSt
005 20210416112334.0
008 160316s1911 xxu||||| |||| 00| 0 eng d
040 _cn
082 _a324.220942
_bBEN-II
100 _aBenson Arthur Christopher
245 _aThe letters of Queen Victoria .Vol.II : 1844 - 1853
260 _aLondon
_bJohn Murray
_c1911
300 _a470p.
_b20 cm
_cix
365 _bGratis
700 _aEsher Viscount
_a
856 _uhttps://ia802705.us.archive.org/27/items/lettersqueenvic05bensgoog/lettersqueenvic05bensgoog.pdf
942 _2ddc
_cBK